El cisne de Vilamorta
Gespeichert in:
| 1. Verfasser: | |
|---|---|
| Format: | Buch |
| Sprache: | Spanisch |
| Veröffentlicht: |
Madrid
Librería de Fernando Fé
1885
|
| Ausgabe: | 2a. ed |
| Schlagworte: | |
| Tags: |
Tag hinzufügen
Keine Tags, Fügen Sie den ersten Tag hinzu!
|
MARC
| LEADER | 00000nam a2200000 a 4500 | ||
|---|---|---|---|
| 001 | UCJ3558 | ||
| 003 | CL-VaPUC | ||
| 008 | 070124e18850000SP |||||||||||||||||spa|d | ||
| 082 | 0 | 4 | |a 863 |b PAR |2 21 |
| 100 | |a Pardo Bazán, Emilia |e autora |9 319277 | ||
| 245 | 1 | 3 | |a El cisne de Vilamorta |
| 250 | |a 2a. ed | ||
| 300 | |a 295 p | ||
| 942 | |c BK | ||
| 945 | |d 20070124 00:00:00 |a rinostro | ||
| 260 | |a Madrid |b Librería de Fernando Fé |c 1885 | ||
| 650 | 7 | |a NOVELA ESPAÑOLA |2 CL-VaPUC |9 313139 | |
| 583 | |a last modification |c 20070124 00:00:00 |k Rodrigo Vera | ||
| 999 | |c 319680 |d 319678 | ||
| 952 | |0 0 |1 0 |4 0 |6 863_000000000000000_PAR_1885 |7 0 |8 X |9 398042 |a FDOBUD |b FDOBUD |d 2019-11-22 |i 1005413 |o 863 PAR 1885 |p 1005413 |r 2019-11-22 |w 2019-11-22 |y BK_X |k BUD | ||